00629nab a2200193 i 4500001000400000003000400004005001700008008003900025040000800064080001100072100016300083245005900246260001000305500002600315650001500341773005100356942001300407999001500420BPPBPK20160112130820.0150226s1975 pl n f |000 0pol cBPK a633.49 aBERLIŃSKI, Kazimierz.d1975 - 1996.bWyższa Szkoła Inżynierska w Koszalinie - Instytut Inżynierii Środowiska,cZakład Biologii i Chemii Sanitarnej aOchrona ziemniaka we Francji /cKazimierz Berliński. c1975. aDane z kartoteki bpp. 0aZiemniaki. iW :tOchrona Roślin. -g1975, nr 2, s. 10-14 cART2UKD c6212d6212